| 000 | 00789nam a2200253Ia 4500 | ||
|---|---|---|---|
| 003 | IN-BaIIA | ||
| 008 | 211028s9999 xx 000 0 eng d | ||
| 020 | _a0-8165-2059-3 | ||
| 040 | _cIIA Library | ||
| 080 |
_a524.3-5 _bPRO-IV |
||
| 245 | 0 |
_aProtostars and planets IV _cedited by V. Mannings, A. P. Boss and S. S. Russell |
|
| 260 |
_aTucson _bUniversity of Arizona Press _c2000 |
||
| 300 | _axvi, 1422p. | ||
| 490 | _aThe university of arizona space science series | ||
| 650 |
_adisks (astrophysics) _925295 |
||
| 650 |
_amolecular clouds _911776 |
||
| 650 |
_aplanetology _99952 |
||
| 650 |
_aprotostars _910852 |
||
| 650 | _astar-formation | ||
| 700 |
_aBoss, A. P., ed. _925296 |
||
| 700 |
_aMannings, V., ed. _925297 |
||
| 700 |
_aRussell, S. S., ed. _925298 |
||
| 942 | _cBK | ||
| 999 |
_c14298 _d14298 |
||